00423 2200181 4500001002100000005001500021008004100036020001800077035001900095041000700114082000800121090001300129100001700142245003100159260001900190300001600209650001600225INLIS00000000000543420241224113111241224||||||||| | ||| |||| || |  a979-407-760-7 0010-1224005434 aid0 a808 a808RAM P0 aRAPAN KORRIE00aPOHON POHONRAKASA DI RIMBA bBENYSMINc1995 a78HMK,;21CM 0aKESUSASTRAN